Statistics for Shrek quiz #1

Click here to take the quiz!

General Stats

  • This quiz has been taken 117 times
  • The average score is 10 of 20

Answer Stats

QuestionAnswer% Correct
E) What does Shrek compare ogre's to?Onions
94%
E) How many eligible bachelorette's are there?3
91%
E) What song is played during the opening credits?All Star
83%
H) What animal did Fiona turn into a balloon?Snake
76%
H) How many shillings was Pinocchio worth?5
74%
E) Who plays Princess Fiona?Cameron Diaz
74%
E) What is the name of the small villain?Lord Farquaad
72%
M) What is the name of the villains kingdom?Duloc
66%
M) When Shrek allowed Donkey to stay at his home what was he going to make?Waffles
63%
M) Other than Donkey who thinks they know where the villain is?Baby Bear
57%
M) What does Fiona cook for Shrek?Eggs
55%
V) What did the villians side kick write on a prompt board when Shrek and Fiona kissed?aawww
45%
V) What animal fur is used as a blanket on the villains bed?Zebra
31%
M) When Shrek got shot by Robin Hood's Merry-men what flower did Fiona ask Donkey to get?Blue flower with red thorns
29%
H) When Shrek wins the battle at the right to save Fiona when does he say he's there till?Thursday
29%
H) Where does Fiona find shelter on the second night of the returning journey?Windmill
28%
V) What did Donkey mistake Shrek's flatulence for?Brimstone
23%
H) What song did Donkey part sing when yelling at Shrek outside the church?Try a little tenderness
19%
V) Bloodnut is famous for what?Flatulence
16%
V) Fill in the missing words from Fiona's curse, shown in (), "By night one way, by day another/ (....................)/ Until you find true loves first kiss/ then... take loves true form."?This shall be the norm
16%

Score Distribution

Percentile by Number Answered

Percent of People with Each Score

Your Score History

You have not taken this quiz